| 000 | 00419nam a2200097Ia 4500 | ||
|---|---|---|---|
| 008 | 180130s9999 xx 000 0 und d | ||
| 245 |
_cFloyd, Randy G.; Kranzler, John H. _aThe role of intelligence testing in understanding students' academic problems |
||
| 260 | _c2013 | ||
| 300 | _aBook title: Assessment for intervention : a problem-solving approach--Acession number C17203; pages 229-252 | ||
| 650 | _aSCHOOL PSYCHOLOGY | ||
| 999 |
_c353716 _d353716 |
||